00838nam a22001817a 4500008004100000020001800041040003700059082001500096100003000111245005300141260005700194300004300251942001200294999001900306952011000325952011600435952010500551210914b sa ||||| |||| 00| 0 eng d a9781869141912 cAnglo American Cataloguing Rules a968.4 MOKO aMokoena, Hlonipha9116314 aMagema Fuze: The making of a Kholwa Intellectual aScottsvillebUniversity of KwaZulu-Natal Pressc2011 a338 p. bIncludes illustrationsc23 cm 2ddccBK c576927d576926 00102ddc4070aRIVELbRIVELcGENd2021-10-26l0o968.4 MOKOp33228031011972r2021-10-26w2021-10-26yBK 00102ddc40708900aKWAMLbMASOBLcGENd2022-04-13l0o968.4 MOKOp33228031057284r2022-04-13w2022-04-13yBK 00102ddc4070aLYDELbTHULLd2023-04-26l0o968.4 MOKOp33228031029508r2023-04-26w2023-04-26yBK